| 000 | 00772cam a2200229 4500 | ||
|---|---|---|---|
| 001 | WB3606-17 | ||
| 008 | 000000n2000 000 0 eng u | ||
| 035 | _a(Sirsi) u104104 | ||
| 245 | _aLease rules will 'redefine' sector | ||
| 260 | _c2000 | ||
| 490 |
_aEstates Gazette _v(0005) 5 February 2000, 39(1) |
||
| 520 | _aThe chief executive of MEPC has suggested that the Accounting Standards Board's proposed changes to the treatment of long leases in company accounts will lead to the 'redefinition of the property company'. | ||
| 590 | _aWB | ||
| 650 | _aACCOUNTING STANDARDS BOARD | ||
| 650 | _aMEPC | ||
| 650 | _aOPERATING LEASES | ||
| 650 | _aCOMPANY ACCOUNTS | ||
| 650 | _aLONG LEASES | ||
| 650 | _aBALANCE SHEETS | ||
| 690 | _aINVESTMENT | ||
| 942 | _n0 | ||
| 999 |
_c62479 _d62479 |
||